000 005480000a22002050004500
003 LK-CoMWRAF
008 230817t ||||| |||| 00| 0 eng d
040 _aLK-CoMWRAF
_dLK-CoMWRAF
_eLK-CoMWRAF
041 _aeng
082 _a164
_bALI
100 _aAli, Shaheen Sardar
100 _aAzam, M. Nadeem
245 _aWomen & law country project Pakistan
_btrends of the superior courts
260 _aLahore
_bShirkat Gah
_c1992
300 _ap.41
490 _aworking paper No. 2
650 _aPAKISTAN
650 _aWomen & law
942 _cBK
999 _c2191
_d2191